00773cam a22002414a 4500001000500000005001700005020002700022040002300049050001400072082001000086100002900096245004400125260005800169300005000227490001900277505000800296520010300304521002900407521002000436650003200456650001100488700003200499395420251205084821.0 a1589526716 (hardcover) aDLCcDLCdDLCbeng00aVM150.A7300a623.81 aArmentrout, Davidd1962-10aShips /cDavid and Patricia Armentrout. aVero Beach, Florida : bRourke Publishing LLC ;c2004 a24 pages : bcolor illustrations ; c19 cm .  aTransportation0 aK  aPhotographs and text provide information about many different types of ships and the work they do. a510 bLexile estimate  aK bRaz-Plus  0aShipsvJuvenile literature. 1aShips.1 aArmentrout, Patriciad1960-